000 002550000a22000970004500
100 1 _aSoto, José Alberto
245 1 0 _aLos hombres también lloran
300 _aVol. 58, Núm 265 (2003), Páginas 14-16
773 0 _tLa Biblia de las Américas
942 _cANA
999 _c51759
_d51759